| 000 | 00808nam a2200193 a 4500 | ||
|---|---|---|---|
| 003 | 0 | ||
| 005 | 20250523112455.0 | ||
| 008 | 021119s19uu xx 00 eng d | ||
| 050 |
_aPHS HQ 1031 _b.S57 2002 |
||
| 100 | _aSison, Mara Janessa P. | ||
| 245 |
_aEffects of interracial marriages on the social life and family life of selected adolescents school year 2001-2002 / _cMara Janessa P. Sison. |
||
| 260 |
_aLas PiƱas City, Philippines : _bSouthville International School and Colleges, _c2002. |
||
| 300 |
_a34 pages : _billustrations ; _c28 cm. |
||
| 504 | _aIncludes bibliographical references. | ||
| 650 |
_aInterracial marriage _xSocial aspects. |
||
| 650 |
_aInterracial marriage _xPsychological aspects. |
||
| 650 |
_aChildren of interracial marriage _xPsychosocial development. |
||
| 942 |
_2lcc _cPASS |
||
| 999 |
_c96741 _d96741 |
||